| 000 | 01247nam a2200373 c 4500 | ||
|---|---|---|---|
| 001 | 44873 | ||
| 003 | ES-MaCES | ||
| 005 | 20140709152836.0 | ||
| 008 | 140703s2013 sp 000 | spa d | ||
| 017 |
_aM 26833-2013 _bDL |
||
| 020 | _a9788415550440 | ||
| 040 |
_aES-MaCES _bspa _cES-MaCES |
||
| 100 | 1 |
_935054 _aGarcia-Atance y García de Mora, María Victoria |
|
| 245 | 1 | 0 |
_aDerechos económicos y sociales de los ciudadanos _cMaría Victoria García-Atance y García de Mora |
| 260 |
_aMadrid _bSanz y Torres _c2013 |
||
| 300 |
_aXXVI, 308 p. _c24 cm |
||
| 490 | 1 |
_aSobre el ejercicio profesional del trabajador social _v1 |
|
| 500 | _aEn la port.: UNED | ||
| 504 | _aBibliografía | ||
| 541 | _cCompra | ||
| 650 | 4 |
_aEstado _927203 |
|
| 650 | 4 |
_aEstado-Benefactor _929481 |
|
| 650 | 4 |
_aderechos económicos y sociales _929875 |
|
| 650 | 4 |
_apolítica económica _927025 |
|
| 650 | 4 |
_apolítica social _927029 |
|
| 650 | 4 |
_aderechos humanos _927171 |
|
| 650 | 4 |
_aderecho constitucional _927158 |
|
| 650 | 4 |
_aEspaña _926964 |
|
| 650 | 4 |
_arégimen jurídico _929894 |
|
| 653 | 1 | 0 | _aAsuntos Sociales |
| 710 | 2 |
_aUniversidad Nacional de Educación a Distancia (España) _95370 |
|
| 902 | _aLIB Libro | ||
| 942 |
_2CES _cBK _h3.3. |
||
| 999 |
_c44873 _d44873 |
||